000 00499nam a2200193Ia 4500
005 20140311163141.0
008 140130s9999 xx 000 0 und d
020 _a0439553768
050 _aPZ 8.3
_b.J585Goo 2004
100 _aJoel, Billy
_931344
245 _cJoel, Billy
_aGoodnight, my angel /
260 _bScholastic,
_c2004.
_aNew York :
300 _a1 v. (unpaged) :
_bcol. ill. ;
_c27 cm.
440 _v1
_931174
521 _aBR
526 _cBR
942 _cBK
_2lcc
999 _c41935
_d41935